Space : cooperation : agreement between the United States of America and Argentina extending the Agreement of October 25, 2011 ; exchange of notes at Buenos Aires, July 24 and 26, 2023 ; entered into force July 31, 2023.

Bibliographic Details
Uniform Title:Framework Agreement between the Government of the United States of America and the Government of the Argentine Republic on Cooperation in the Peaceful Uses of Outer Space
Corporate Authors: Argentina (participant in treaty.), United States (participant in treaty.)
Format: Government Document eBook
Language:English
Spanish
Language Notes:Text in English and Spanish.
Published: [Washington, D.C.] : United States Department of State, [2023?]
Series:Treaties and other international acts series ; 23-731.
Subjects:
Online Access:https://purl.fdlp.gov/GPO/gpo220154

MARC

Tag First Indicator Second Indicator Subfields
LEADER 00000nam a2200000 i 4500
001 in00004762021
006 m o d f
007 cr |||||||||||
008 231113s2023 dcu oz f000 0 eng c
005 20231213203750.9
035 |a (OCoLC)on1409166192 
040 |a GPO  |b eng  |e rda  |e pn  |c GPO  |d MvI 
041 0 |a eng  |a spa 
042 |a pcc 
043 |a n-us---  |a s-ag--- 
049 |a WWW 
074 |a 0899-A-01 (online) 
086 0 |a S 9.10:23-731 
130 0 |a Framework Agreement between the Government of the United States of America and the Government of the Argentine Republic on Cooperation in the Peaceful Uses of Outer Space  |d (2011 October 25).  |k Protocols, etc.  |d (2023 July 24)  |0 https://id.loc.gov/authorities/names/no2023125516 
245 1 0 |a Space :  |b cooperation : agreement between the United States of America and Argentina extending the Agreement of October 25, 2011 ; exchange of notes at Buenos Aires, July 24 and 26, 2023 ; entered into force July 31, 2023. 
246 3 0 |a Agreement between the United States of America and Argentina extending the Agreement of October 25, 2011 ; exchange of notes at Buenos Aires, July 24 and 26, 2023 ; entered into force July 31, 2023 
264 1 |a [Washington, D.C.] :  |b United States Department of State,  |c [2023?] 
300 |a 1 online resource (8 unnumbered pages). 
336 |a text  |b txt  |2 rdacontent 
337 |a computer  |b c  |2 rdamedia 
338 |a online resource  |b cr  |2 rdacarrier 
490 1 |a Treaties and other international acts series ;  |v 23-731 
588 |a Description based on online resource; title from PDF title screen (U.S. Department of State web site, viewed on Nov. 13, 2023). 
546 |a Text in English and Spanish. 
500 |a GPO Cataloging Record Distribution Program (CRDP). 
651 0 |a Outer space  |x Exploration  |x Government policy  |z United States. 
651 0 |a Outer space  |x Exploration  |x Government policy  |z Argentina. 
651 0 |a Outer space  |x Research  |x International cooperation. 
650 0 |a Astronautics  |x International cooperation.  |0 https://id.loc.gov/authorities/subjects/sh85008956 
655 7 |a Treaties.  |2 lcgft  |0 https://id.loc.gov/authorities/genreForms/gf2011026707 
710 1 |a United States.  |b Department of State,  |0 https://id.loc.gov/authorities/names/n80126198  |e issuing body. 
710 1 |a Argentina,  |0 https://id.loc.gov/authorities/names/n79070134  |e participant in treaty. 
710 1 |a United States,  |0 https://id.loc.gov/authorities/names/n78095330  |e participant in treaty. 
830 0 |a Treaties and other international acts series ;  |0 https://id.loc.gov/authorities/names/n84731555  |v 23-731. 
856 4 0 |u https://purl.fdlp.gov/GPO/gpo220154  |t 0 
999 f f |s 8ed7046a-fdf7-44b8-9fff-78e8e2b42aed  |i 50bc8647-72c7-4ad6-a4bf-8a1d71c091ca  |t 0 
952 f f |a Texas A&M University  |b College Station  |c Electronic Resources  |d Available Online  |t 0  |e S 9.10:23-731  |h Superintendent of Documents classification 
998 f f |a S 9.10:23-731  |t 0  |l Available Online